000 00337nam a2200121Ia 4500
008 220216s9999 xx 000 0 und d
100 _aTwiss D F
245 0 _aScientific knowledge of rubber and its relation to rubber manufacture
260 _bIRI Transactions
_c1938
300 _a236-241
650 _aRubber manufacture
942 _cJS
999 _c68448
_d68448